Thực hành ngôn ngữ đàm thoại tiếng Anh

Gardado en:
Detalles Bibliográficos
Formato: Libro
Idioma:Undetermined
Publicado: Tp. HCM Tp. HCM 2003
Những chủ đề:
Các nhãn: Engadir etiqueta
Sen Etiquetas, Sexa o primeiro en etiquetar este rexistro!
Thư viện lưu trữ: Trung tâm Học liệu Trường Đại học Cần Thơ
LEADER 00607nam a2200181Ia 4500
001 CTU_57161
008 210402s9999 xx 000 0 und d
020 |b 54000 
082 |a 428.24 
082 |b Th552 
245 0 |a Thực hành ngôn ngữ đàm thoại tiếng Anh 
245 0 |c Lê Huy Lâm, Nguyễn Hữu Tài và Phạm Văn Thuận biên dịch 
260 |a Tp. HCM 
260 |b Tp. HCM 
260 |c 2003 
650 |a english language,english language 
650 |x textbooks for foreign speakers,spoken english 
980 |a Trung tâm Học liệu Trường Đại học Cần Thơ